Personnages overwatch #1 (TANKS) - Statistiques

Statistiques générales
  • Ce quiz a été pris 173 fois
  • Le résultat moyen est 10 sur 11
Statistiques - réponses
Par images Réponse % Correct
D.va
99%
Doomfist
96%
Winston
96%
Orisa
95%
Chopper
94%
Reinhardt
93%
Sigma
92%
Zarya
89%
Bouldozer
83%
Ramattra
76%
Reine des junkers
75%
Aucun quiz correspondant
Distribution des résultats
% des personnes avec chaque résultat
Percentile par nombre de réponses
Votre historique - résultats
Vous n’avez pas pris ce quiz